Eleanor Roosevelt's Christmas Book ; including her own descriptions of Christmas at Hyde Park and the White House, together with her original story Christmas and her favorite selections of prose and verse devoted to the Christmas season /

Guardado en:
Detalles Bibliográficos
Autor principal: Roosevelt, Eleanor.
Formato: Sách giấy
Lenguaje:English
Publicado: New York : Dodd, Mead & Co., 1963.
Etiquetas: Agregar Etiqueta
Sin Etiquetas, Sea el primero en etiquetar este registro!
Thư viện lưu trữ: Thư viện Trường Đại học Đà Lạt
LEADER 00823nam a2200265 4500
001 DLU100108917
005 ##2010068
040 # # |a DLU  |b vie 
041 # # |a eng 
044 # # |a us 
082 # # |a 810.8  |b RO-E 
100 # # |a Roosevelt, Eleanor. 
245 # # |a Eleanor Roosevelt's Christmas Book ;  |b including her own descriptions of Christmas at Hyde Park and the White House, together with her original story Christmas and her favorite selections of prose and verse devoted to the Christmas season /  |c Eleanor Roosevelt. 
260 # # |a New York :  |b Dodd, Mead & Co.,  |c 1963. 
300 # # |a xi, 338 p. ;  |c 24 cm. 
923 # # |a 100/2010 
992 # # |a 0 
994 # # |a DLU 
900 # # |a True 
911 # # |a Lý Thị Hồng Hạnh 
925 # # |a G 
926 # # |a A 
927 # # |a SH 
980 # # |a Thư viện Trường Đại học Đà Lạt